Guess the celebrities by picture - Statistics

General Stats
  • This quiz has been taken 79 times
  • The average score is 12 of 16
Answer Stats
Picture Answer % Correct
Albert einstein
97%
Michael jackson
96%
Snoop dogg
94%
Jennifer aniston
82%
Marilyn monroe
82%
Brad pitt
81%
Sabrina carpenter
79%
Logan paul
78%
Emma stone
75%
Bruce lee
72%
Lizzo
72%
Christiano ronaldo
69%
Julia roberts
64%
Madonna
64%
Anna kendrick
54%
Michael J. Fox
44%
No matching quizzes found
Score Distribution
Percent of People with Each Score
Percentile by Number Answered
Your Score History
You have not taken this quiz